01488 2200421 4500001002100000005001500021035002000036007000300056008004100059020002200100082001400122084001600136100003500152245027800187250003000465300003000495650002300525700002600548700003100574700002700605700002900632700002800661700003000689700002400719700003000743700002200773700003000795264003400825336002100859337003000880338002300910040002200933090002200955850001200977504003300989999002201022990002201044INLIS00000000088950920240802100008 a0010-0824000072ta240802s2022 yoi g eng d a978-623-261-414-704223a210.1 a210.1 AZH g0 aAzhari Aziz SamudraePengarang10aGod's existence & substance :bwhere is God, how did God create matter, the great universe and the universes? /cAzhari Aziz Samudra, Setia Budi, Tri Kurnia Dewi; penyunting, Erga Davic, Ladoni Amiro, Causa Prima, Maulana Putra, Sunarto, Ketut Maryono, Yanto, Hadi Suyatman aCetakan pertama: Mei 2022 axiv, 218 halaman ;c20 cm 4aFilsafat dan agama0 aSetia BudiePengarang0 aTri Kurnia DewiePengarang0 aErga DavicePenyunting0 aLadoni AmiroePenyunting0 aCausa PrimaePenyunting0 aMaulana PutraePenyunting0 aSunartoePenyunting0 aKetut MaryonoePenyunting0 aYantoePenyunting0 aHadi SuyatmanePenyunting31aBantul :bSamudra Biru,c2022 2rdacontentateks 2rdamediaatanpa perantara 2rdacarrieravolume aYOPDYOGbinderda aCB-D.11 2022-4994 aYOPDYOG aBibliografi: halaman 203-214 aCB-D.11/2022-4994 aCB-D.11/2022-4994